000
00252nam a2200097Ia 4500
001
640745
005
20250826153453.0
008
250824s9999 xx 000 0 und d
245
0
_a
HZ MUHAMMEDİN YAŞAM ÖYKÜSÜ
_c
FATİH OKUMUŞ
260
_b
GENÇ TİMAŞ
999
_c
640745
_d
640745